Państwa, które w przeszłości zmieniały swoje stolice - Statystyki

Ogólne statystyki
  • Ten quiz został rozwiązany 102 razy
    76 od ostatniego zresetowania
  • Średni wynik to 20 z 39
Statystyki odpowiedzi
Odpowiedź % Poprawnych
Polska
99%
Rosja
91%
Niemcy
90%
Chiny
88%
Brazylia
85%
Japonia
82%
Stany Zjednoczone
81%
Turcja
75%
Australia
74%
Indie
72%
Włochy
71%
Norwegia
68%
Finlandia
65%
Kazachstan
65%
Szwecja
65%
Litwa
62%
Dania
60%
Pakistan
59%
Portugalia
53%
Mjanma
50%
Nowa Zelandia
50%
Nigeria
47%
Tanzania
47%
Bułgaria
41%
Wybrzeże Kości Słoniowej
41%
Burundi
40%
Tajlandia
34%
Albania
31%
Belize
31%
Czarnogóra
28%
Filipiny
28%
Uzbekistan
26%
Etiopia
25%
Bhutan
24%
Nikaragua
19%
Honduras
18%
Kostaryka
10%
Palau
10%
Salwador
9%
Nie znaleziono quizów pasujących do podanych kryteriów
Rozkład punktacji
Procent ludzi z każdym wynikiem
Percentyl według liczby udzielonych odpowiedzi
Twoja historia wyników
Nie rozwiązałeś tego quizu od ostatniego zresetowania